Construir l'home / (Record no. 71681)

MARC details
000 -LEADER
campo de control de longitud fija 00610nam a2200217 i 4500
001 - NÚMERO DE CONTROL
campo de control 71681
003 - IDENTIFICADOR DE NÚMERO DE CONTROL
campo de control ES-MaACL
005 - FECHA Y HORA DE LA ÚLTIMA TRANSACCIÓN
campo de control 20230906171210.0
007 - CAMPO FIJO DE DESCRIPCIÓN FÍSICA--INFORMACIÓN GENERAL
campo de control de longitud fija t|
008 - DATOS DE LONGITUD FIJA--INFORMACIÓN GENERAL
campo de control de longitud fija 040817s1962 sp ||||1| cat d
100 1# - ENTRADA PRINCIPAL--NOMBRE DE PERSONA
Nombre de persona Gerlaud, M. J.
9 (RLIN) 56458
245 10 - MENCIÓN DEL TÍTULO
Título Construir l'home /
Mención de responsabilidad, etc. M.J. Gerlaud, P. Haubtmann, G. Matagrin.
260 ## - PUBLICACIÓN, DISTRIBUCIÓN, ETC.
Lugar de publicación, distribución, etc. Barcelona :
Nombre del editor, distribuidor, etc. Estela,
Fecha de publicación, distribución, etc. [1962]
300 ## - DESCRIPCIÓN FÍSICA
Extensión 95 p. ;
Dimensiones 21 cm.
490 1# - MENCIÓN DE SERIE
Mención de serie Padres vivents
700 1# - ENTRADA AGREGADA--NOMBRE PERSONAL
Nombre de persona Haubtmann, Pierre.
9 (RLIN) 62080
700 1# - ENTRADA AGREGADA--NOMBRE PERSONAL
Nombre de persona Matagrin, G.
9 (RLIN) 78903
830 0# - PUNTO DE ACCESO ADICIONAL DE SERIE-TÍTULO UNIFORME
Título uniforme Padres vivents
9 (RLIN) 231080
852 ## - LOCALIZACIÓN
Ubicación ES-MaACL
Número de control de estantería C-25448
Sublocalización o colección R.51049
Holdings
Estatus retirado Estado de pérdida Estado de daño No para préstamo Biblioteca de origen Biblioteca actual Ubicación en estantería Fecha de adquisición Fuente de adquisición Total de préstamos Signatura topográfica completa Código de barras Visto por última vez Precio de reemplazo Tipo de ítem Koha
        Biblioteca del Ateneo de Madrid Biblioteca del Ateneo de Madrid Depósito 2 17/01/2008     C-25448 1075043 23/02/2023 23/02/2023 Libro impreso